ბათუმის შოთა რუსთაველის სახელმწიფო უნივერსიტეტის ბიბლიოთეკა

სამარხთა კონსტრუქცია და დაკრძალვის წესი კოლხური და ყობანური კულტურების მიხედვით = Burial constructions and funerary customs of colchian and koban cultures / (ბიბ.ჩანაწერი № 60376)

000 -ლიდერი
ფიქსირებული სიგრძის საკონტროლო ველი 01582nam a22002537a 4500
003 - საკონტროლო ნომრის იდენტიფიკატორი
საკონტროლო ველი Ge_BSU
005 - ბოლო ოპერაციის თარიღი და დრო
საკონტროლო ველი 20230706165729.0
008 - ფიქსირებული სიგრძის მონაცემთა ელემენტები - ზოგადი ინფორმაცია
ფიქსირებული სიგრძის საკონტროლო ველი 230706s2014ge xxu||||| |||| 00| 0 geo d
020 ## - წიგნის საერთაშორისო სტანდარტული ნომერი
International Standard Book Number 9789941450235
041 ## - ენის კოდი
Language code of text/sound track or separate title geo
080 ## - უნივერსალური ათობითი კლასიფიკაციის ინდექსი
Universal Decimal Classification number 393.1(395.3)+903.5(395.3) გ-58
100 ## - მთავარი ჩანაწერი - პიროვნების სახელი
Personal name გობეჯიშვილი, ნიკოლოზ.
9 (RLIN) 19184
245 ## - ცნობა სათაურის შესახებ
Title სამარხთა კონსტრუქცია და დაკრძალვის წესი კოლხური და ყობანური კულტურების მიხედვით = Burial constructions and funerary customs of colchian and koban cultures /
Statement of responsibility, etc ნიკოლოზ გობეჯიშვილი ; რედ. მარინე ფუთურიძე
264 ## - წარმოების, გამოცემის, დისტრიბუციის და სხვა ცნობები
გამოცემის, წარმოების, დისტრიბუციის... ადგილი თბილისი :
გამოცემის, წარმოების, დისტრიბუციის... სახელწოდება მწიგნობარი,
გამოცემის, წარმოების, დისტრიბუციის... თარიღი 2014.
300 ## - ფიზიკური აღწერა
Extent 200 გვ. :
Other physical details ტაბ. ;
Dimensions 24 სმ.
501 ## - შენიშვნა თანმხლებ მასალაზე
With note ტაბულები: გვ. 161-200
რუკები: გვ. 148-155.00.
504 ## - BIBLIOGRAPHY, ETC. NOTE
Bibliography, etc ბიბლიოგრ.: გვ. 140-147.
520 ## - SUMMARY, ETC.
Summary, etc რეზ. ინგლ.
546 ## - LANGUAGE NOTE
Language note თავფურ. ქართ. და ინგლ
653 ## - INDEX TERM--UNCONTROLLED
Uncontrolled term დაკრძალვის წესები კოლხეთში.
653 ## - INDEX TERM--UNCONTROLLED
Uncontrolled term დაკრძალვის წესები ჩრდილოეთ კავკასიაში.
710 ## - ADDED ENTRY--CORPORATE NAME
Corporate name or jurisdiction name as entry element საქ. ეროვნ. მუზეუმი. ოთ. ლორთქიფანიძის სახ. არქეოლ. ცენტრი
9 (RLIN) 19185
942 ## - ADDED ENTRY ELEMENTS (KOHA)
Source of classification or shelving scheme
Koha item type წიგნი
ეგზემპლარები
ჩამოწერის სტატუსი დაკარგული ეგზემპლარის სტატუსი კლასიფიკაციის წყარო ან თაროზე გაწყობის სქემა დაზიანების სტატუსი არ გაიცემა მუდმივი მდებარეობა (დაცვის ადგილი) ამჟამინდელი ადგილსამყოფელი თაროზე განთავსების ადგილი შეძენის თარიღი ღირებულება, შესყიდვის ნორმალური ფასი სრული შენახვის შიფრი შტრიხკოდი ბოლო ოპერაციის თარიღი ეგზემპლარის მიმდევრობითი ნომერი (კეტერი?) Uniform Resource Identifier ფასის ძალაში შესვლის თარიღი ეგზემპლარის სახეობა საჯარო შენიშვნა
          ბათუმის შოთა რუსთაველის სახელმწიფო უნივერსიტეტის მთავარი ბიბლიოთეკა ბათუმის შოთა რუსთაველის სახელმწიფო უნივერსიტეტის მთავარი ბიბლიოთეკა წიგნსაცავი 2023-07-06 10.00 393.1(395.3)+903.5(395.3) გ-58 64909 2023-07-06 64909 ბსუ-ს საპატიო დოქტორის გურამ ლორთქიფანიძის საჩუქარი 2023-07-06 წიგნი 10.00